[Event "CFriend RL-2004-0-00026 email"]
[Site "Chessfriend.com"]
[Date "2004.09.29"]
[Round "1"]
[White "Fiorini, Vittorio"]
[Black "McNally, Tony"]
[Result "1-0"]
[WhiteElo "1441"]
[BlackElo "1104"]
[PlyCount "61"]
[EventDate "2004.??.??"]
[EventType "tourn (corr)"]
[EventRounds "6"]
[SourceTitle "Corr 2008"]
[Source "ChessBase"]
[SourceDate "2008.06.24"]
[SourceVersion "1"]
[SourceVersionDate "2008.06.24"]
[SourceQuality "1"]

1. e4 c5 2. Nc3 d6 3. g3 Nc6 4. Bg2 g6 5. d3 Bg7 6. Be3 Nf6 7. h3 Qb6 8. Rb1 Qa5 9. Nge2 e5 10. 0-0 Be6 11. a3 Nd4 12. b4 Nxe2+ 13. Nxe2 cxb4 14. axb4 Qc7 15. f4 Bd7 16. c4 b5 17. c5 0-0 18. cxd6 Qxd6 19. Bc5 Qe6 20. Bxf8 Kxf8 21. fxe5 Qxe5 22. d4 Qg5 23. e5 Ne4 24. Qb3 Be6 25. Qxe6 Qe3+ 26. Kh2 Nf6 27. Rxf6 Bxf6 28. Qxf6 Kg8 29. Bxa8 Qxe2+ 30. Bg2 Qc4 31. d5 1-0

[Event "CFriend RL-2004-0-00021 email"]
[Site "Chessfriend.com"]
[Date "2004.05.08"]
[Round "?"]
[White "Fiorini, Vittorio"]
[Black "Jordaan, Wayne"]
[Result "1/2-1/2"]
[WhiteElo "1311"]
[BlackElo "1660"]
[PlyCount "46"]
[EventDate "2004.??.??"]
[EventType "tourn (corr)"]
[EventRounds "5"]
[SourceTitle "Corr 2008"]
[Source "ChessBase"]
[SourceDate "2008.06.24"]
[SourceVersion "1"]
[SourceVersionDate "2008.06.24"]
[SourceQuality "1"]

1. e4 c6 2. d4 d5 3. Nc3 dxe4 4. Nxe4 Nd7 5. Ng5 Ngf6 6. Bd3 e6 7. N1f3 h6 8. Ne4 Nxe4 9. Bxe4 Bd6 10. 0-0 0-0 11. c3 Qc7 12. Re1 b6 13. Qc2 Bb7 14. Be3 Nf6 15. Ne5 Nxe4 16. Qxe4 c5 17. Qg4 Bxe5 18. dxe5 Qxe5 19. Bxh6 Qf6 20. Bf4 Rfe8 21. Be5 Qg6 22. Qxg6 fxg6 23. Rad1 Bd5 1/2-1/2

[Event "CFriend RL-2004-0-00021 email"]
[Site "Chessfriend.com"]
[Date "2004.05.08"]
[Round "?"]
[White "Fiorini, Vittorio"]
[Black "Pott, Brian"]
[Result "1/2-1/2"]
[WhiteElo "1311"]
[BlackElo "1676"]
[PlyCount "50"]
[EventDate "2004.??.??"]
[EventType "tourn (corr)"]
[EventRounds "5"]
[SourceTitle "Corr 2008"]
[Source "ChessBase"]
[SourceDate "2008.06.24"]
[SourceVersion "1"]
[SourceVersionDate "2008.06.24"]
[SourceQuality "1"]

1. e4 e5 2. Nf3 Nc6 3. Bb5 a6 4. Ba4 Nf6 5. 0-0 Nxe4 6. Re1 Nc5 7. Bxc6 dxc6 8. Nxe5 Be7 9. d4 Ne6 10. Be3 0-0 11. Nc3 f5 12. d5 cxd5 13. Nxd5 Bd6 14. Nf3 f4 15. Bd4 Ng5 16. h3 b5 17. Be5 Bb7 18. Bxd6 Nxf3+ 19. Qxf3 Qxd6 20. Ne7+ Qxe7 21. Qxb7 Qc5 22. c3 f3 23. Rad1 fxg2 24. Qd5+ Qxd5 25. Rxd5 Rad8 1/2-1/2

[Event "IECG CF.2004.0.00055 email"]
[Site "IECG email"]
[Date "2004.02.01"]
[Round "1"]
[White "Fiorini, Vittorio"]
[Black "Suomela, Todd"]
[Result "1-0"]
[WhiteElo "1148"]
[BlackElo "1000"]
[PlyCount "43"]
[EventDate "2004.02.01"]
[EventType "tourn (corr)"]
[EventRounds "6"]
[SourceTitle "Corr 2008"]
[Source "ChessBase"]
[SourceDate "2008.06.24"]
[SourceVersion "1"]
[SourceVersionDate "2008.06.24"]
[SourceQuality "1"]

1. e4 c5 2. Nf3 d6 3. d4 cxd4 4. Nxd4 Nf6 5. Nc3 g6 6. Be3 Bg7 7. f3 0-0 8. Qd2 Nc6 9. 0-0-0 Bd7 10. g4 Rc8 11. h4 h5 12. Be2 Ne5 13. gxh5 Nxh5 14. Rdg1 Nc4 15. Bxc4 Rxc4 16. Rg5 Qb6 17. Nf5 Bxc3 18. Nxe7+ Kg7 19. bxc3 Qa6 20. Rxh5 gxh5 21. Bh6+ Kf6 22. Bxf8 1-0

[Event "IECG CE.2003.0.00061 email"]
[Site "IECG email"]
[Date "2003.11.02"]
[Round "?"]
[White "Buscher, Karl"]
[Black "Fiorini, Vittorio"]
[Result "1-0"]
[WhiteElo "1391"]
[BlackElo "1131"]
[PlyCount "63"]
[EventDate "2003.11.02"]
[EventType "tourn (corr)"]
[EventRounds "6"]
[SourceTitle "Corr 2008"]
[Source "ChessBase"]
[SourceDate "2008.06.24"]
[SourceVersion "1"]
[SourceVersionDate "2008.06.24"]
[SourceQuality "1"]

1. e4 c5 2. Nf3 d6 3. d4 cxd4 4. Qxd4 Nc6 5. Bb5 Bd7 6. Bxc6 Bxc6 7. Nc3 Nf6 8. Bg5 e5 9. Qd3 h6 10. Bh4 g5 11. Bg3 Be7 12. 0-0-0 Qc7 13. Rhe1 0-0-0 14. Kb1 Kb8 15. h3 Rc8 16. Nh2 h5 17. Nf1 h4 18. Bh2 Bd7 19. Ne3 Be6 20. f3 Qa5 21. Ned5 Nxd5 22. Nxd5 Bd8 23. Bg1 Rf8 24. Be3 f5 25. Bd2 fxe4 26. fxe4 Qa4 27. Bb4 Rc6 28. Rf1 Rxf1 29. Rxf1 Bxd5 30. exd5 Ra6 31. a3 Qe8 32. Qh7 1-0

[Event "IECG CE.2003.0.00061 email"]
[Site "IECG email"]
[Date "2003.11.02"]
[Round "?"]
[White "Radozycki, Tomasz"]
[Black "Fiorini, Vittorio"]
[Result "0-1"]
[WhiteElo "1300"]
[BlackElo "1131"]
[PlyCount "60"]
[EventDate "2003.11.02"]
[EventType "tourn (corr)"]
[EventRounds "6"]
[SourceTitle "Corr 2008"]
[Source "ChessBase"]
[SourceDate "2008.06.24"]
[SourceVersion "1"]
[SourceVersionDate "2008.06.24"]
[SourceQuality "1"]

1. e4 c5 2. Nf3 d6 3. d4 cxd4 4. Nxd4 Nf6 5. Nc3 a6 6. Bc4 e6 7. a3 Qc7 8. Ba2 Be7 9. 0-0 Nc6 10. Be3 0-0 11. f4 Bd7 12. Kh1 Nxd4 13. Bxd4 Bc6 14. e5 Nd7 15. exd6 Qxd6 16. Be3 Qxd1 17. Raxd1 Rfd8 18. f5 exf5 19. Rxf5 Nf6 20. Nd5 Nxd5 21. Bxd5 Bf6 22. c3 Rd7 23. c4 Bxb2 24. Bc5 Bf6 25. Kg1 b5 26. Bd4 bxc4 27. Bxf6 gxf6 28. Bf3 Rxd1+ 29. Bxd1 Rd8 30. Be2 Bd5 0-1

[Event "IECG CE.2003.0.00048 email"]
[Site "IECG email"]
[Date "2003.03.04"]
[Round "?"]
[White "Fiorini, Vittorio"]
[Black "Enggist, Peter"]
[Result "0-1"]
[WhiteElo "1084"]
[BlackElo "1321"]
[PlyCount "50"]
[EventDate "2003.03.04"]
[EventType "tourn (corr)"]
[EventRounds "6"]
[SourceTitle "Corr 2008"]
[Source "ChessBase"]
[SourceDate "2008.06.24"]
[SourceVersion "1"]
[SourceVersionDate "2008.06.24"]
[SourceQuality "1"]

1. e4 c5 2. Nc3 Nc6 3. f4 d6 4. Nf3 g6 5. Bb5 Bg7 6. 0-0 Nh6 7. d3 0-0 8. h3 Nd4 9. Nxd4 cxd4 10. Ne2 Be6 11. Ng3 Qa5 12. Bc4 Bxc4 13. dxc4 Rfc8 14. Qd3 Qc5 15. b3 b5 16. cxb5 Qxc2 17. Qxc2 Rxc2 18. f5 d3 19. Rb1 d2 20. Ba3 Be5 21. Nh1 Rb8 22. Rbd1 Rxb5 23. Nf2 Rxa2 24. Bc1 dxc1Q 25. Rxc1 Rxb3 0-1

[Event "IECG CE.2003.0.00048 email"]
[Site "IECG email"]
[Date "2003.03.04"]
[Round "?"]
[White "Neighbors, Teddy"]
[Black "Fiorini, Vittorio"]
[Result "1-0"]
[WhiteElo "1370"]
[BlackElo "1084"]
[PlyCount "71"]
[EventDate "2003.03.04"]
[EventType "tourn (corr)"]
[EventRounds "6"]
[SourceTitle "Corr 2008"]
[Source "ChessBase"]
[SourceDate "2008.06.24"]
[SourceVersion "1"]
[SourceVersionDate "2008.06.24"]
[SourceQuality "1"]

1. e4 c5 2. Nf3 d6 3. c3 Nf6 4. d4 cxd4 5. cxd4 Nxe4 6. Qb3 e6 7. Bd3 Nf6 8. Nc3 Be7 9. 0-0 0-0 10. Re1 Nbd7 11. Qc2 b6 12. d5 e5 13. Ng5 h6 14. Nh7 Re8 15. Nxf6+ Nxf6 16. Be3 Bb7 17. Rad1 Qc8 18. h3 Ba6 19. Bf5 Qc4 20. Bd3 Qc8 21. Bf5 Qd8 22. Rc1 Bb7 23. Qb3 g6 24. Bd3 Bf8 25. Bb5 Re7 26. Bc4 Bg7 27. Re2 Rc8 28. Rec2 e4 29. Nb5 a6 30. Na7 Rb8 31. Bxb6 Qe8 32. Nc6 Bxc6 33. dxc6 Kh7 34. Bxa6 Nd5 35. Qxd5 Rxb6 36. c7 1-0

[Event "IECG CF.2003.0.00040 email"]
[Site "IECG email"]
[Date "2003.01.07"]
[Round "?"]
[White "Farris, Nasmichael"]
[Black "Fiorini, Vittorio"]
[Result "0-1"]
[WhiteElo "1000"]
[BlackElo "1033"]
[PlyCount "70"]
[EventDate "2003.01.07"]
[EventType "tourn (corr)"]
[EventRounds "6"]
[SourceTitle "Corr 2008"]
[Source "ChessBase"]
[SourceDate "2008.06.24"]
[SourceVersion "1"]
[SourceVersionDate "2008.06.24"]
[SourceQuality "1"]

1. e4 c5 2. Nf3 d6 3. Bc4 e6 4. d4 cxd4 5. Nxd4 Nf6 6. Nc3 a6 7. Bg5 Be7 8. h4 Qc7 9. Qe2 Nc6 10. 0-0-0 Nxd4 11. Rxd4 h6 12. Bd2 b5 13. Bd3 Bb7 14. h5 e5 15. Rb4 d5 16. Rb3 d4 17. Nxb5 axb5 18. Bxb5+ Bc6 19. Qc4 Rc8 20. Bxc6+ Qxc6 21. Qxc6+ Rxc6 22. Rb8+ Bd8 23. f4 Nd7 24. Rb7 Rc7 25. Rxc7 Bxc7 26. g3 f6 27. Bb4 Kf7 28. fxe5 fxe5 29. Rf1+ Ke6 30. Re1 Bd6 31. Bxd6 Kxd6 32. c4 Kc5 33. b3 Rf8 34. a3 Rf2 35. Rd1 Nf6 0-1

[Event "IECG CF.2002.0.00035 email"]
[Site "IECG email"]
[Date "2002.10.13"]
[Round "?"]
[White "Chester, Ian"]
[Black "Fiorini, Vittorio"]
[Result "1/2-1/2"]
[WhiteElo "1091"]
[BlackElo "1055"]
[PlyCount "54"]
[EventDate "2002.10.13"]
[EventType "tourn (corr)"]
[EventRounds "6"]
[SourceTitle "Corr 2008"]
[Source "ChessBase"]
[SourceDate "2008.06.24"]
[SourceVersion "1"]
[SourceVersionDate "2008.06.24"]
[SourceQuality "1"]

1. e4 c5 2. Nf3 d6 3. d4 cxd4 4. Nxd4 Nf6 5. Nc3 a6 6. Be2 b5 7. a3 e5 8. Nf5 d5 9. Bg5 d4 10. Bxf6 gxf6 11. Nb1 Bxf5 12. exf5 Nc6 13. Bf3 Rc8 14. Nd2 Qc7 15. Be4 Bh6 16. Nf1 0-0 17. Qg4+ Kh8 18. Rd1 b4 19. a4 Qa5 20. b3 Qc5 21. Ng3 Qc3+ 22. Kf1 Ne7 23. Bd3 a5 24. Ne4 Qc6 25. Qh5 Bg7 26. Rg1 Nd5 27. g3 Nc3 1/2-1/2

[Event "IECG CF.2002.0.00035 email"]
[Site "IECG email"]
[Date "2002.10.13"]
[Round "?"]
[White "Valencia, Gabriel"]
[Black "Fiorini, Vittorio"]
[Result "0-1"]
[WhiteElo "1000"]
[BlackElo "1055"]
[PlyCount "34"]
[EventDate "2002.10.13"]
[EventType "tourn (corr)"]
[EventRounds "6"]
[SourceTitle "Corr 2008"]
[Source "ChessBase"]
[SourceDate "2008.06.24"]
[SourceVersion "1"]
[SourceVersionDate "2008.06.24"]
[SourceQuality "1"]

1. e4 c5 2. Nf3 d6 3. Bb5+ Nc6 4. d4 cxd4 5. Nxd4 Bd7 6. Nc3 e6 7. 0-0 Nf6 8. Re1 Be7 9. Bg5 Nxd4 10. Qxd4 a6 11. Bxd7+ Qxd7 12. e5 dxe5 13. Qxe5 0-0 14. Rad1 Qc6 15. Ne4 Nd5 16. Bxe7 Nxe7 17. Rd7 Qxd7 0-1

[Event "IECG CF.2002.0.00031 email"]
[Site "IECG email"]
[Date "2002.07.30"]
[Round "?"]
[White "Fiorini, Vittorio"]
[Black "Staal, Piet"]
[Result "1-0"]
[WhiteElo "1014"]
[BlackElo "1084"]
[PlyCount "49"]
[EventDate "2002.07.30"]
[EventType "tourn (corr)"]
[EventRounds "6"]
[SourceTitle "Corr 2008"]
[Source "ChessBase"]
[SourceDate "2008.06.24"]
[SourceVersion "1"]
[SourceVersionDate "2008.06.24"]
[SourceQuality "1"]

1. e4 e5 2. f4 exf4 3. Nf3 g5 4. h4 g4 5. Ne5 Qe7 6. Nxg4 f5 7. Nf2 fxe4 8. Qh5+ Kd8 9. Nc3 Nf6 10. Qe2 d5 11. b3 Nc6 12. Bb2 Rg8 13. 0-0-0 Nd4 14. Qe1 Bg7 15. Nb5 Nxb5 16. Bxb5 c6 17. Be2 Ne8 18. d4 Bh8 19. Qf1 Nf6 20. Re1 Rg3 21. Nh3 Bxh3 22. Qxf4 Qc7 23. Qxc7+ Kxc7 24. gxh3 e3 25. c3 1-0

[Event "IECG CF.2002.0.00031 email"]
[Site "IECG email"]
[Date "2002.07.30"]
[Round "?"]
[White "Schablowsky, Ruediger"]
[Black "Fiorini, Vittorio"]
[Result "1-0"]
[WhiteElo "1158"]
[BlackElo "1014"]
[PlyCount "63"]
[EventDate "2002.07.30"]
[EventType "tourn (corr)"]
[EventRounds "6"]
[SourceTitle "Corr 2008"]
[Source "ChessBase"]
[SourceDate "2008.06.24"]
[SourceVersion "1"]
[SourceVersionDate "2008.06.24"]
[SourceQuality "1"]

1. e4 c5 2. Nf3 d6 3. d4 cxd4 4. Nxd4 Nf6 5. Nc3 a6 6. Be3 e5 7. Nb3 Be6 8. Qd2 Nbd7 9. f3 Be7 10. g4 h6 11. 0-0-0 b5 12. h4 Nb6 13. Qf2 Nfd7 14. Kb1 Qc7 15. Nd5 Bxd5 16. exd5 Nc4 17. Bc1 Qb6 18. Qe1 a5 19. Na1 a4 20. f4 Rc8 21. Bh3 b4 22. g5 b3 23. axb3 axb3 24. cxb3 Na5 25. fxe5 Rc7 26. exd6 Qxd6 27. Qxa5 0-0 28. Bxd7 Qxd7 29. d6 Bxd6 30. Qd5 Rd8 31. gxh6 Qg4 32. Rhg1 1-0

[Event "IECG WC.2003.P.00011 email"]
[Site "IECG email"]
[Date "2000.??.??"]
[Round "?"]
[White "Fiorini, Vittorio"]
[Black "Weggen, Rick HM"]
[Result "0-1"]
[WhiteElo "978"]
[BlackElo "1690"]
[PlyCount "52"]
[EventDate "2000.01.26"]
[EventType "tourn (corr)"]
[EventRounds "10"]
[SourceTitle "Corr 2008"]
[Source "ChessBase"]
[SourceDate "2008.06.24"]
[SourceVersion "1"]
[SourceVersionDate "2008.06.24"]
[SourceQuality "1"]

1. d4 g6 2. c4 Nf6 3. Nc3 Bg7 4. e4 d6 5. Be2 0-0 6. h3 c5 7. d5 Nbd7 8. Nf3 b6 9. 0-0 Bb7 10. Be3 Re8 11. Qd2 e6 12. Bd3 a6 13. Bg5 Qc7 14. Bh6 exd5 15. exd5 Ne5 16. Nxe5 Bxh6 17. Qxh6 Rxe5 18. Qd2 Rae8 19. Rfe1 Qe7 20. Kf1 Kg7 21. Rxe5 Qxe5 22. g3 Qh5 23. Kg2 b5 24. b3 b4 25. Ne2 Nxd5 26. cxd5 Qxd5+ 0-1

[Event "IECG WC.2003.P.00011 email"]
[Site "IECG email"]
[Date "2000.??.??"]
[Round "?"]
[White "Petrov, Milen Stoyanov"]
[Black "Fiorini, Vittorio"]
[Result "1-0"]
[WhiteElo "2048"]
[BlackElo "978"]
[PlyCount "49"]
[EventDate "2000.01.26"]
[EventType "tourn (corr)"]
[EventRounds "10"]
[SourceTitle "Corr 2008"]
[Source "ChessBase"]
[SourceDate "2008.06.24"]
[SourceVersion "1"]
[SourceVersionDate "2008.06.24"]
[SourceQuality "1"]

1. e4 e6 2. d4 d5 3. Nc3 Nf6 4. e5 Nfd7 5. f4 c5 6. Nf3 Nc6 7. Be3 a6 8. Qd2 b5 9. dxc5 Nxc5 10. Qf2 Nb7 11. a3 Bd7 12. Be2 Be7 13. 0-0 Nba5 14. f5 exf5 15. Bb6 Qb8 16. Nxd5 Bd8 17. Bxd8 Qxd8 18. Rad1 Rb8 19. b4 Nc4 20. Bxc4 bxc4 21. Qc5 Rb5 22. Qd6 Rxd5 23. Rxd5 Ne7 24. Rc5 0-0 25. Rd1 1-0

[Event "IECG C3.1999.0.00120"]
[Site "IECG email"]
[Date "1999.11.15"]
[Round "?"]
[White "Fiorini, Vittorio"]
[Black "Jibouleau, Jean"]
[Result "0-1"]
[WhiteElo "1004"]
[BlackElo "1000"]
[PlyCount "48"]
[EventDate "1999.11.15"]
[EventType "tourn (corr)"]
[EventRounds "6"]
[SourceTitle "Corr 2008"]
[Source "ChessBase"]
[SourceDate "2008.06.24"]
[SourceVersion "1"]
[SourceVersionDate "2008.06.24"]
[SourceQuality "1"]

1. d4 d5 2. c4 e6 3. Nc3 Nf6 4. Bf4 dxc4 5. e3 Nd5 6. Nge2 Bb4 7. Qc2 Bxc3+ 8. bxc3 0-0 9. Bg3 b5 10. e4 Nb6 11. f4 Bb7 12. a3 f5 13. e5 Be4 14. Qd2 a5 15. Bf2 Nc6 16. Ng3 Qd5 17. Rg1 b4 18. Nxe4 Qxe4+ 19. Be2 Nd5 20. Kf1 bxc3 21. Qc1 Nxd4 22. Bxc4 Nc2 23. Bb5 Nxa1 24. Qxa1 c6 0-1

[Event "IECG C3.1999.0.00120"]
[Site "IECG email"]
[Date "1999.11.15"]
[Round "?"]
[White "Fiorini, Vittorio"]
[Black "MacFarlane, Martin"]
[Result "1-0"]
[WhiteElo "1004"]
[BlackElo "1300"]
[PlyCount "89"]
[EventDate "1999.11.15"]
[EventType "tourn (corr)"]
[EventRounds "6"]
[SourceTitle "Corr 2008"]
[Source "ChessBase"]
[SourceDate "2008.06.24"]
[SourceVersion "1"]
[SourceVersionDate "2008.06.24"]
[SourceQuality "1"]

1. d4 d6 2. c4 g6 3. Nc3 Bg7 4. e4 Nf6 5. f3 0-0 6. Be3 b6 7. Bd3 Nc6 8. Nge2 e5 9. d5 Nb4 10. Bb1 a5 11. a3 Na6 12. Bc2 Bd7 13. Qd2 Nc5 14. g4 Bc8 15. Na4 Bxg4 16. fxg4 Ncxe4 17. Qd3 Nxg4 18. Qxe4 f5 19. Qf3 e4 20. Qh3 Qd7 21. Bd4 Nf6 22. Nac3 Nh5 23. Bxg7 Qxg7 24. 0-0-0 Rae8 25. Rhf1 Rf7 26. Nd4 Qe5 27. Nc6 Qg7 28. Ba4 e3 29. Rde1 Qh6 30. Kb1 f4 31. Nxa5 Ref8 32. Nc6 g5 33. Bd1 Qg6+ 34. Bc2 Qh6 35. Ne4 Kh8 36. Nd4 Rg8 37. Ng3 Rf6 38. Ngf5 g4 39. Nxh6 gxh3 40. Nxg8 Kxg8 41. Bf5 h6 42. Bxh3 Kf7 43. Ne6 Kg8 44. Bg4 Ng7 45. Rxf4 1-0

[Event "IECG CP.1999.P.00046"]
[Site "IECG email"]
[Date "1999.10.01"]
[Round "?"]
[White "Ortiz, Lee"]
[Black "Fiorini, Vittorio"]
[Result "1-0"]
[WhiteElo "800"]
[BlackElo "1004"]
[PlyCount "77"]
[EventDate "1999.10.01"]
[EventType "tourn (corr)"]
[EventRounds "6"]
[EventCountry "PUR"]
[SourceTitle "Corr 2008"]
[Source "ChessBase"]
[SourceDate "2008.06.24"]
[SourceVersion "1"]
[SourceVersionDate "2008.06.24"]
[SourceQuality "1"]

1. e4 e6 2. d4 d5 3. Nc3 Nf6 4. e5 Nfd7 5. Bd3 c5 6. Nf3 cxd4 7. Nxd4 Nxe5 8. Bb5+ Bd7 9. Qe2 Nec6 10. Be3 a6 11. Ba4 b5 12. Bb3 Nxd4 13. Bxd4 Nc6 14. Be5 Qg5 15. Bg3 Be7 16. 0-0 0-0 17. Qd1 Bf6 18. Qd3 Nb4 19. Qf3 Rac8 20. Bf4 Qg6 21. Bd6 Nxc2 22. Bxc2 Qxc2 23. Bxf8 Kxf8 24. Rab1 Qg6 25. Rbc1 Bc6 26. Nd1 Bg5 27. Ne3 Bxe3 28. Qxe3 Qf6 29. Qa3+ Ke8 30. Qxa6 Kd7 31. b3 e5 32. Rc2 Qd6 33. Rfc1 d4 34. a4 bxa4 35. bxa4 Rc7 36. Qc4 d3 37. Qxf7+ Qe7 38. Qf5+ Qe6 39. Qxd3+ 1-0

[Event "SEMI Italia Scacchistica D email"]
[Site "SEMI email"]
[Date "1999.??.??"]
[Round "?"]
[White "Fiorini, Vittorio"]
[Black "Caponio, Giuseppe"]
[Result "1-0"]
[WhiteElo "1000"]
[BlackElo "1000"]
[PlyCount "103"]
[EventDate "1999.??.??"]
[EventType "tourn (corr)"]
[EventRounds "10"]
[EventCountry "ITA"]
[SourceTitle "Corr 2008"]
[Source "ChessBase"]
[SourceDate "2008.06.24"]
[SourceVersion "1"]
[SourceVersionDate "2008.06.24"]
[SourceQuality "1"]

1. d4 d5 2. c4 dxc4 3. Nf3 b5 4. a4 Bd7 5. axb5 Bxb5 6. e3 e6 7. Qc2 Qd5 8. Bd2 Qb7 9. Be2 Nf6 10. 0-0 Bd6 11. Na3 Bxa3 12. Rxa3 0-0 13. Ne5 Qe4 14. Rc1 Qxc2 15. Rxc2 c3 16. Bxb5 cxd2 17. Rxd2 a6 18. Be2 Rd8 19. Rc2 Nd5 20. b3 Rd6 21. Bf3 c6 22. Bxd5 exd5 23. Rc5 Ra7 24. b4 f6 25. Nd3 Rb7 26. g3 Kf7 27. Rca5 Rd8 28. R3a4 Re8 29. Nc5 Rb5 30. Nxa6 Rxa5 31. Rxa5 Nxa6 32. Rxa6 Rc8 33. Ra1 Rc7 34. Rc1 Rb7 35. Rxc6 Rxb4 36. Rc5 Ke6 37. Rc7 g5 38. Rxh7 Kf5 39. Kg2 Ke4 40. g4 Kd3 41. Rd7 Ke2 42. Rxd5 Ke1 43. Rf5 Rb6 44. Kg3 Kf1 45. h4 gxh4+ 46. Kxh4 Kg2 47. g5 fxg5+ 48. Kxg5 Rb8 49. Kg6 Rg8+ 50. Kf7 Rd8 51. d5 Kf1 52. Ke7 1-0

[Event "SEMI Italia Scacchistica D email"]
[Site "SEMI email"]
[Date "1999.??.??"]
[Round "?"]
[White "Fiorini, Vittorio"]
[Black "Lorenzetti, Luca"]
[Result "1/2-1/2"]
[WhiteElo "1000"]
[BlackElo "1000"]
[PlyCount "108"]
[EventDate "1999.??.??"]
[EventType "tourn (corr)"]
[EventRounds "10"]
[EventCountry "ITA"]
[SourceTitle "Corr 2008"]
[Source "ChessBase"]
[SourceDate "2008.06.24"]
[SourceVersion "1"]
[SourceVersionDate "2008.06.24"]
[SourceQuality "1"]

1. d4 Nf6 2. c4 g6 3. Nc3 d5 4. cxd5 Nxd5 5. e4 Nxc3 6. bxc3 c5 7. Nf3 Bg7 8. e5 cxd4 9. cxd4 Nc6 10. Be2 f6 11. exf6 Bxf6 12. 0-0 Nxd4 13. Nxd4 Qxd4 14. Qxd4 Bxd4 15. Bb5+ Bd7 16. Bxd7+ Kxd7 17. Rd1 e5 18. Bb2 Rad8 19. Bxd4 exd4 20. Rxd4+ Kc8 21. Rc1+ Kb8 22. Rcd1 Rxd4 23. Rxd4 Re8 24. Kf1 Kc7 25. f3 Re5 26. Rh4 h5 27. Rc4+ Kd6 28. Kf2 Ra5 29. Rc2 Rd5 30. Ke3 Rb5 31. f4 Rb4 32. g3 Ra4 33. Rd2+ Kc7 34. Kf3 Kc6 35. h3 Ra3+ 36. Kg2 Re3 37. Rf2 Kd6 38. f5 gxf5 39. Rxf5 Re5 40. Rxe5 Kxe5 41. Kf3 Kf5 42. Ke3 Ke5 43. Kd3 b6 44. Kc4 Ke4 45. Kb5 Kf3 46. g4 hxg4 47. hxg4 Kxg4 48. a4 Kf5 49. Ka6 Ke6 50. Kxa7 Kd7 51. Kb7 Kd8 52. Kxb6 Kc8 53. Ka7 Kc7 54. a5 Kc8 1/2-1/2